| 000 | 00521nam a22001697a 4500 | ||
|---|---|---|---|
| 003 | OSt | ||
| 005 | 20250818041600.0 | ||
| 008 | 250818b |||||||| |||| 00| 0 eng d | ||
| 020 | _a978-971-0445-06-6. | ||
| 040 |
_aDWC-Main Lib. _cOC |
||
| 100 | _aPAGADUAN, HONORATA M. | ||
| 245 |
_aResearch method in business education/ _cPAGADUAN, HONORATA M. |
||
| 260 |
_aManila : _bMindshapers Co., Inc., _cc2006. |
||
| 300 |
_ax, 173 p. : _bill. ; _c25 cm. |
||
| 650 | _aResearch-Business. | ||
| 942 |
_2ddc _cBK - FIL _hFil. _n0 |
||
| 999 |
_c4001 _d4001 |
||